Normal view
MARC view
- Dr. M. Tahir Soomro
Entry Personal Name
001 - CONTROL NUMBER
- control field: 48408
003 - CONTROL NUMBER IDENTIFIER
- control field: NUST
005 - DATE AND TIME OF LATEST TRANSACTION
- control field: 20210314134040.0
008 - FIXED-LENGTH DATA ELEMENTS
- fixed length control field: 210314|| aca||aabn | a|a d
040 ## - CATALOGING SOURCE
- Original cataloging agency: NUST
- Transcribing agency: NUST
100 ## - HEADING--PERSONAL NAME
- Personal name: Dr. M. Tahir Soomro
670 ## - SOURCE DATA FOUND
- Source citation: Work cat.: (NUST): Gulrez Mahmood 48407, Development of a flexible pavement design methodology for Pakistan, 1991
